00470nam a2200109Ia 4500008004100000100002300041245016400064260003600228300001800264650001000282856006800292160712s9999 xx 000 0 und d aGarcia, Esther S.  cEsther S. GarciaaBest Friend / And the Two Shall be One / Mother and Child (Barrio Scene) / Mother Nature: Mother and Child / Summer Vacation / Back to School c2011bReview of Women's Studies avol. 21 no. 2 xWOMEN uhttp://journals.upd.edu.ph/index.php/rws/issue/view/440/showToc